Arte del derecho: seis meditaciones sobre el derecho
Saved in:
| 主要作者: | |
|---|---|
| 格式: | 圖書 |
| 語言: | 西班牙语 |
| 出版: |
Buenos Aires
Jurídicas Europa-América
1956
|
| 叢編: | Breviarios de Derecho, 2
|
| 主題: | |
| 標簽: |
添加標簽
沒有標簽, 成為第一個標記此記錄!
|
MARC
| LEADER | 00000nam a2200000 a 4500 | ||
|---|---|---|---|
| 001 | UCS9734 | ||
| 003 | CL-VaPUC | ||
| 008 | 971121e19560000AG |||||||||||||||||spa|d | ||
| 082 | 0 | 4 | |a 340.1 |b CAR |2 21 |
| 100 | 0 | |a Carnelutti, Francesco |e author |9 384867 | |
| 245 | 1 | 0 | |a Arte del derecho: seis meditaciones sobre el derecho |
| 300 | |a 122 p | ||
| 942 | |c BK | ||
| 945 | |d 19971121 00:00:00 |a cmena | ||
| 260 | |a Buenos Aires |b Jurídicas Europa-América |c 1956 | ||
| 650 | 0 | |a Filosofía del derecho |9 255050 | |
| 650 | 0 | |a Estado y derecho |9 255403 | |
| 650 | 7 | |a LEY |2 CL-VaPUC |9 395019 | |
| 650 | 0 | |a Teoría del derecho |9 255982 | |
| 650 | 7 | |a HECHO JURIDICO |2 CL-VaPUC |9 384051 | |
| 650 | 0 | |a Justicia |9 255408 | |
| 650 | 7 | |a JUICIO JURIDICO |2 CL-VaPUC |9 395020 | |
| 650 | 0 | |a Sanción jurídica |9 383332 | |
| 650 | 0 | |a Obligaciones |9 255578 | |
| 650 | 0 | |a Derecho privado |9 258243 | |
| 583 | |a last modification |c 19971121 00:00:00 |k Rodrigo Vera | ||
| 490 | 0 | |a Breviarios de Derecho, 2 | |
| 999 | |c 263495 |d 263493 | ||
| 952 | |0 0 |1 0 |4 0 |6 340_100000000000000_CAR_1956 |7 0 |8 DER_TF |9 292822 |a BIBDER |b BIBDER |d 2019-11-19 |i 1906178 |l 2 |o 340.1 CAR 1956 |p 1906178 |r 2023-01-25 |s 2022-09-06 |w 2019-11-19 |x Ubicación 4to Piso |y BK |z Estos recursos deben solicitarse con anticipación |k DER | ||